000 00296nam a22001337a 4500
008 170504b xxu||||| |||| 00| 0 eng d
020 _a9780314184917
041 _aeng
080 _26TH
_a34
100 _a14
101 _aSHJ
245 _aTORTS AND COMPENSATION
_cDOBBS, D.B
942 _2udc
_cBK
999 _c12710
_d12710